[Event "Chateauroux op"]
[Site "Chateauroux"]
[Date "2005.11.11"]
[Round "1"]
[White "Ilipide, Jean Luc"]
[Black "Andrieu, Philippe"]
[Result "0-1"]
[WhiteElo "1570"]
[BlackElo "1992"]
[PlyCount "36"]
[EventDate "2005.10.30"]
[EventType "swiss"]
[EventRounds "7"]
[EventCountry "FRA"]
[SourceTitle "EXT 2007"]
[Source "ChessBase"]
[SourceDate "2006.11.23"]
[SourceVersion "1"]
[SourceVersionDate "2006.11.23"]
[SourceQuality "1"]

1. Nf3 d5 2. d4 Nc6 3. g3 e5 4. dxe5 Bc5 5. Bg2 f6 6. exf6 Nxf6 7. 0-0 0-0 8. Nbd2 Be6 9. Nb3 Bb6 10. Ng5 Qe7 11. Bf4 Rad8 12. Qe1 Bf5 13. Qc3 h6 14. e4 hxg5 15. Bxg5 dxe4 16. Bxf6 Rxf6 17. Rae1 Ne5 18. Kh1 Rc6 0-1